Southville International School and Colleges
Your cart is empty.
  • Cart
  • Lists
    Public lists Eva Luna New books Lux_list list_1
    Your lists Log in to create your own lists
  • Log in to your account
  • Your cookies
  • Search history
Southville International School and Colleges
  • Advanced search
  • Recent comments
  • Most popular
  • Libraries

Log in to your account

Log in with GOOGLE


If you do not have an external account, but do have a local account, you can still log in:

  1. Home
  2. MARC view: Spain and Portugal /
Normal view MARC view ISBD view

Spain and Portugal / (Record no. 8731)

[ view plain ]
MARC details
000 -LEADER
fixed length control field 01494cam a22003854a 4500
001 - CONTROL NUMBER
control field 13058815
003 - CONTROL NUMBER IDENTIFIER
control field OSt
005 - DATE AND TIME OF LATEST TRANSACTION
control field 20140310182038.0
008 - FIXED-LENGTH DATA ELEMENTS--GENERAL INFORMATION
fixed length control field 030115s2003 pauab c b 001 0 eng
010 ## - LIBRARY OF CONGRESS CONTROL NUMBER
LC control number 2003000897
020 ## - INTERNATIONAL STANDARD BOOK NUMBER
International Standard Book Number 1590844408
040 ## - CATALOGING SOURCE
Original cataloging agency DLC
Transcribing agency DLC
Modifying agency DLC
042 ## - AUTHENTICATION CODE
Authentication code pcc
-- lcac
043 ## - GEOGRAPHIC AREA CODE
Geographic area code e-sp---
-- e-po---
050 00 - LIBRARY OF CONGRESS CALL NUMBER
Classification number GT 1190
Item number .St929 2003
082 00 - DEWEY DECIMAL CLASSIFICATION NUMBER
Classification number HS 391.009
Item number St9 2003
100 1# - MAIN ENTRY--PERSONAL NAME
Personal name Stuart, Keith.
9 (RLIN) 10911
245 10 - TITLE STATEMENT
Title Spain and Portugal /
Statement of responsibility, etc Keith Stuart.
260 ## - PUBLICATION, DISTRIBUTION, ETC. (IMPRINT)
Place of publication, distribution, etc Broomall, PA :
Name of publisher, distributor, etc Mason Crest Publishers,
Date of publication, distribution, etc c2003.
300 ## - PHYSICAL DESCRIPTION
Extent 64 p. :
Other physical details col. ill. ;
Dimensions 29 cm.
440 #0 - SERIES STATEMENT/ADDED ENTRY--TITLE
Title Cultures and costumes
9 (RLIN) 10877
500 ## - GENERAL NOTE
General note Includes bibliographical references (p. 63) and index.
650 #0 - SUBJECT ADDED ENTRY--TOPICAL TERM
Topical term or geographic name as entry element Clothing and dress
Geographic subdivision Spain
General subdivision History
Form subdivision Juvenile literature.
9 (RLIN) 10912
650 #0 - SUBJECT ADDED ENTRY--TOPICAL TERM
Topical term or geographic name as entry element Clothing and dress
Geographic subdivision Portugal
General subdivision History
Form subdivision Juvenile literature.
9 (RLIN) 10913
650 #1 - SUBJECT ADDED ENTRY--TOPICAL TERM
Topical term or geographic name as entry element Clothing and dress
Geographic subdivision Spain
General subdivision History.
9 (RLIN) 10914
650 #1 - SUBJECT ADDED ENTRY--TOPICAL TERM
Topical term or geographic name as entry element Clothing and dress
Geographic subdivision Portugal
General subdivision History.
9 (RLIN) 10915
651 #0 - SUBJECT ADDED ENTRY--GEOGRAPHIC NAME
Geographic name Spain
General subdivision Social life and customs
Form subdivision Juvenile literature.
9 (RLIN) 10916
651 #0 - SUBJECT ADDED ENTRY--GEOGRAPHIC NAME
Geographic name Portugal
General subdivision Social life and customs
Form subdivision Juvenile literature.
9 (RLIN) 10917
651 #1 - SUBJECT ADDED ENTRY--GEOGRAPHIC NAME
Geographic name Spain
General subdivision Social life and customs.
9 (RLIN) 10918
651 #1 - SUBJECT ADDED ENTRY--GEOGRAPHIC NAME
Geographic name Portugal
General subdivision Social life and customs.
9 (RLIN) 10919
906 ## - LOCAL DATA ELEMENT F, LDF (RLIN)
a 7
b cbc
c orignew
d 1
e ecip
f 20
g y-gencatlg
942 ## - ADDED ENTRY ELEMENTS (KOHA)
Source of classification or shelving scheme Library of Congress Classification
Koha item type
Call number prefix
Holdings
Withdrawn status Lost status Source of classification or shelving scheme Damaged status Home library Current library Shelving location Date acquired Total Checkouts Full call number Barcode Date last seen Copy number Price effective from Koha item type
    Library of Congress Classification   Luxembourg Library Luxembourg Library High School Section 08/15/2013   GT 1190 .St929 2003 17582 03/10/2015 1 08/15/2013 Books

Spain and Portugal /

APA

Stuart K., . (2003). Spain and Portugal. Broomall, PA: Mason Crest Publishers.

Chicago

Stuart Keith, . 2003. Spain and Portugal. Broomall, PA: Mason Crest Publishers.

Harvard

Stuart K., . (2003). Spain and Portugal. Broomall, PA: Mason Crest Publishers.

MLA

Stuart Keith, . Spain and Portugal. Broomall, PA: Mason Crest Publishers. 2003.

  • Place hold
  • Print
  • Cite
  • Add to your cart (remove)
  • Save record
    BIBTEX Dublin Core MARCXML MARC (non-Unicode/MARC-8) MARC (Unicode/UTF-8) MARC (Unicode/UTF-8, Standard) MODS (XML) RIS
  • More searches
    Search for this title in:
    Other Libraries (WorldCat) Other Databases (Google Scholar) Online Stores (Bookfinder.com) Open Library (openlibrary.org)

Exporting to Dublin Core...

SOUTHVILLE LIBRARY

Southville International School and Colleges Library

1281 Tropical Ave. Cor. Luxembourg St., BF Homes International, Las Pinas City

Tel. No. 8256374 / 252358 Loc. 117/146

Powered by Koha